00763nam a22002531a 450000100060000000300080000600500170001400800410003103500190007204000320009104100080012308200250013110000250015624500510018125000120023226000400024430000330028449000330031750400320035065000260038265000370040865000310044583000330047631580BD-RjUL20211209051724.0180903s1967 caua b 000 0 eng  a(BD-RjUL)31668 aDLCcDLCdDLCdBD-RjULbeng aeng00a571.5 223bHUA 19671 aHumason, Gretchen L.10aAnimal tissue techniquescGretchen L. Humason. a2nd ed. aSan Francisco,bW. H. Freemanc1967 aix, 569 p. :bill. ;c25 cm.0 aA Series of books in biology aBibliography: p. [517]-560. 0aHistologyxTechnique. 0aStains and staining (Microscopy) 0aHistochemistryxTechnique. aA Series of books in biology